[Event "SVK-ch Blitz"]
[Site "Nitra"]
[Date "2022.10.29"]
[Round "4"]
[White "Munk, Lubomir"]
[Black "Mikulas, Dusan"]
[Result "0-1"]
[WhiteElo "1850"]
[BlackElo "2016"]
[PlyCount "54"]
[EventDate "2022.10.29"]
[EventType "swiss"]
[EventRounds "13"]
[EventCountry "SVK"]
[SourceTitle "EXT 2024"]
[Source "ChessBase"]
[SourceDate "2023.10.10"]
[SourceVersion "1"]
[SourceVersionDate "2023.10.10"]
[SourceQuality "1"]

1. c4 e5 2. Nc3 d6 3. g3 g6 4. Bg2 Bg7 5. e4 Nc6 6. Nge2 Nge7 7. d3 0-0 8. 0-0 f5 9. h3 h6 10. Kh2 Kh7 11. f4 Be6 12. Nd5 Qd7 13. Be3 Rae8 14. Qd2 Nd8 15. b4 a6 16. Rac1 c6 17. Nxe7 Qxe7 18. Rfd1 Nf7 19. d4 g5 20. d5 Bd7 21. fxg5 hxg5 22. c5 f4 23. gxf4 gxf4 24. Bg1 Nh6 25. Bf3 Qh4 26. Bg2 Bxh3 27. Bf3 Bf1# 0-1

[Event "SVK-chT2A 1819"]
[Site "Slovakia"]
[Date "2018.12.16"]
[Round "6.8"]
[White "Gettler, Daniel"]
[Black "Munk, Lubomir"]
[Result "1-0"]
[WhiteElo "2044"]
[BlackElo "1819"]
[PlyCount "45"]
[EventDate "2018.10.13"]
[EventType "team-tourn"]
[EventRounds "11"]
[EventCountry "SVK"]
[SourceTitle "CBM 189 Extra"]
[Source "ChessBase"]
[SourceDate "2019.06.03"]
[SourceVersion "1"]
[SourceVersionDate "2019.06.03"]
[SourceQuality "1"]
[WhiteTeam "Krasnany"]
[BlackTeam "Bratislava Slovan IV"]
[WhiteTeamCountry "SVK"]
[BlackTeamCountry "SVK"]

1. c4 e5 2. g3 f5 3. Bg2 Nf6 4. Nc3 c6 5. d4 e4 6. d5 d6 7. f3 Qe7 8. Bg5 exf3 9. Nxf3 h6 10. Bxf6 Qxf6 11. 0-0 g5 12. e4 Bg7 13. exf5 Bxf5 14. Qb3 b6 15. Rae1+ Kd7 16. Qa4 Qg6 17. dxc6+ Nxc6 18. Nh4 Bd4+ 19. Kh1 gxh4 20. Qxc6+ Kd8 21. Qxa8+ Bc8 22. Qxa7 h3 23. Qe7# 1-0

[Event "Bratislava Slovan op"]
[Site "Bratislava"]
[Date "2018.05.03"]
[Round "9"]
[White "Munk, Lubomir"]
[Black "Striskova, Lucia"]
[Result "1-0"]
[WhiteElo "1775"]
[BlackElo "1276"]
[PlyCount "104"]
[EventDate "2018.04.27"]
[EventType "swiss"]
[EventRounds "9"]
[EventCountry "SVK"]
[SourceTitle "EXT 2023"]
[Source "ChessBase"]
[SourceDate "2022.10.05"]
[SourceVersion "1"]
[SourceVersionDate "2022.10.05"]
[SourceQuality "1"]

1. e4 e5 2. Nf3 Nc6 3. Bc4 Nf6 4. Ng5 d5 5. exd5 Nxd5 6. Nxf7 Kxf7 7. Qf3+ Qf6 8. Bxd5+ Ke7 9. Bxc6 bxc6 10. Qg3 Qf4 11. 0-0 Qxg3 12. fxg3 Kd8 13. d3 h6 14. Nc3 Bc5+ 15. Kh1 Rf8 16. Bd2 Be6 17. a3 Kd7 18. b4 Bb6 19. Ne4 Bd4 20. c3 Bb6 21. a4 a6 22. Rfe1 Rae8 23. Be3 Ke7 24. a5 Bxe3 25. Rxe3 Bd5 26. Nc5 Ra8 27. c4 Bg8 28. Rxe5+ Kf6 29. Nd7+ Kg6 30. Nxf8+ Rxf8 31. Kg1 Kh7 32. Rf1 Rxf1+ 33. Kxf1 Bf7 34. Re7 Bg6 35. Ke2 c5 36. Rxc7 cxb4 37. Rb7 Bh5+ 38. Ke3 Bg6 39. Rxb4 Bf7 40. Rb6 h5 41. Rxa6 Be8 42. Rb6 Bf7 43. a6 Be8 44. a7 Bf7 45. a8Q Bg6 46. Rxg6 Kxg6 47. Qf8 Kh6 48. Kf4 Kg6 49. h4 Kh7 50. Kg5 g6 51. Kf6 g5 52. Ke6 g4 1-0

[Event "SVK-ch Seniors 65"]
[Site "Tatranske Matliare"]
[Date "2017.05.28"]
[Round "2"]
[White "Munk, Lubomir"]
[Black "Muller, Wilhelm"]
[Result "1/2-1/2"]
[WhiteElo "1836"]
[BlackElo "1976"]
[PlyCount "77"]
[EventDate "2017.05.27"]
[EventType "swiss"]
[EventRounds "9"]
[EventCountry "SVK"]
[SourceTitle "EXT 2023"]
[Source "ChessBase"]
[SourceDate "2022.10.05"]
[SourceVersion "1"]
[SourceVersionDate "2022.10.05"]
[SourceQuality "1"]

1. c4 g6 2. Nc3 Bg7 3. g3 c5 4. Bg2 Nc6 5. e4 d6 6. Nge2 Bg4 7. f3 Bd7 8. d3 a6 9. Rb1 e6 10. Be3 Nd4 11. Qd2 h5 12. Bf2 h4 13. Nxd4 hxg3 14. hxg3 Rxh1+ 15. Bxh1 cxd4 16. Ne2 e5 17. Qb4 Qc7 18. Rc1 a5 19. Qd2 Bh6 20. f4 Bg4 21. Qc2 b6 22. Qa4+ Bd7 23. Qc2 Rc8 24. Bf3 Nf6 25. Kf1 Bg4 26. Bxg4 Nxg4 27. Kg2 Kf8 28. Rh1 f5 29. Rh4 Kg7 30. Ng1 Nxf2 31. Qxf2 fxe4 32. f5 e3 33. f6+ Kh7 34. Qf3 Qc6 35. Re4 d5 36. Rxe5 dxc4 37. Re7+ Kh8 38. Re4 Rf8 39. f7 1/2-1/2

[Event "Bratislava Slovan op"]
[Site "Bratislava"]
[Date "2016.05.04"]
[Round "6"]
[White "Munk, Lubomir"]
[Black "Olvecky, Jaroslav"]
[Result "1-0"]
[WhiteElo "1820"]
[BlackElo "1934"]
[PlyCount "120"]
[EventDate "2016.04.30"]
[EventType "swiss"]
[EventRounds "9"]
[EventCountry "SVK"]
[SourceTitle "EXT 2017"]
[Source "ChessBase"]
[SourceDate "2016.10.25"]
[SourceVersion "1"]
[SourceVersionDate "2016.10.25"]
[SourceQuality "1"]

1. c4 c6 2. Nc3 d5 3. cxd5 cxd5 4. d4 Nf6 5. Nf3 g6 6. Bg5 Bg7 7. Qb3 e6 8. e3 0-0 9. Ne5 Nbd7 10. Be2 Qa5 11. 0-0 Nxe5 12. dxe5 Nd7 13. Be7 Re8 14. Bb4 Qd8 15. f4 a6 16. a4 b6 17. Bd6 Bb7 18. Ba3 Rc8 19. Rac1 Nc5 20. Qd1 f6 21. exf6 Qxf6 22. Bf3 Red8 23. Ne2 a5 24. Nd4 e5 25. fxe5 Qxe5 26. Re1 Bh6 27. Rc3 Ne4 28. Rxc8 Rxc8 29. Nb5 Rd8 30. Bxe4 Qxe4 31. Nd6 Bxe3+ 32. Kh1 Rxd6 33. Bxd6 d4 34. Qe2 Qc6 35. Ba3 Qxa4 36. Rf1 Qc6 37. Qg4 h5 38. Qg3 Qd5 39. Rf8+ Kh7 40. Qc7+ Kh6 41. Rh8+ Kg5 42. Be7+ Kf5 43. Rf8+ Ke4 44. Qxb6 Qc6 45. Bc5 Qxb6 46. Bxb6 a4 47. Re8+ Kd3 48. Re7 Bc6 49. Rc7 Bd5 50. Rd7 Bb3 51. g3 Be6 52. Rd6 Bf5 53. h4 Kc2 54. Bxd4 Bxd4 55. Rxd4 Kxb2 56. Rxa4 Kc3 57. Kg2 Kd3 58. Kf3 Kc3 59. Kf4 Kd2 60. Kg5 Ke2 1-0

[Event "Bratislava Slovan op"]
[Site "Bratislava"]
[Date "2014.04.30"]
[Round "6"]
[White "Munk, Lubomir"]
[Black "Straka, Ivan"]
[Result "0-1"]
[WhiteElo "1897"]
[BlackElo "1623"]
[PlyCount "116"]
[EventDate "2014.04.26"]
[EventType "swiss"]
[EventRounds "9"]
[EventCountry "SVK"]
[SourceTitle "CBM 160 Extra"]
[Source "ChessBase"]
[SourceDate "2014.07.01"]
[SourceVersion "1"]
[SourceVersionDate "2014.07.01"]
[SourceQuality "1"]

1. c4 d5 2. cxd5 Qxd5 3. Nc3 Qa5 4. d4 c6 5. e4 h6 6. Bd2 Qd8 7. Be3 Nd7 8. f4 Nb6 9. Nf3 Bg4 10. b3 e6 11. a3 Nf6 12. Be2 Be7 13. 0-0 Qc7 14. Rc1 Bxa3 15. Nb5 Qe7 16. Nxa3 Qxa3 17. h3 Bh5 18. g4 Bg6 19. f5 exf5 20. exf5 Bh7 21. Qc2 Nbd5 22. Bd2 0-0 23. Ne5 Qd6 24. Rf2 Nb4 25. Qc4 a5 26. Bf3 Rad8 27. Bc3 Nfd5 28. Bb2 f6 29. Ng6 Bxg6 30. fxg6 b5 31. Bxd5+ cxd5 32. Qxb5 Qg3+ 33. Rg2 Qe3+ 34. Kh2 Nd3 35. Rd1 Qf4+ 36. Kg1 Nxb2 37. Rxb2 Qg3+ 38. Rg2 Qxh3 39. Rd3 Qh4 40. Qxa5 Ra8 41. Qxd5+ Kh8 42. Rd1 Rfe8 43. Qf3 Re1+ 44. Rxe1 Qxe1+ 45. Kh2 Qh4+ 46. Qh3 Qg5 47. Qd3 Qh4+ 48. Kg1 Ra1+ 49. Qf1 Rxf1+ 50. Kxf1 Qh1+ 51. Kf2 Qd1 52. Rg3 Qxd4+ 53. Re3 Kg8 54. Kf3 Kf8 55. Re4 Qd1+ 56. Kf4 Qxb3 57. Kf5 Qf3+ 58. Rf4 Qd5# 0-1

[Event "SVK-Cup13 G7 corr"]
[Site "Slovakia"]
[Date "2002.02.03"]
[Round "?"]
[White "Munk, Lubomir"]
[Black "Lipcak, Norbert"]
[Result "1-0"]
[WhiteElo "1868"]
[BlackElo "1659"]
[PlyCount "59"]
[EventDate "2002.02.01"]
[EventType "tourn (corr)"]
[EventRounds "12"]
[EventCountry "SVK"]
[SourceTitle "Corr 2006"]
[Source "ChessBase"]
[SourceDate "2006.04.01"]
[SourceVersion "3"]
[SourceVersionDate "2006.04.01"]
[SourceQuality "1"]

1. e4 c6 2. d4 d5 3. e5 Bf5 4. Nf3 Nf6 5. Bd3 Bxd3 6. Qxd3 Nbd7 7. Bg5 Qc7 8. 0-0 e6 9. Nbd2 h6 10. Be3 g5 11. c4 dxc4 12. Nxc4 Nd5 13. Rac1 Rd8 14. Qe2 N7b6 15. Nfd2 Nxc4 16. Nxc4 Be7 17. Qh5 Rh7 18. Bd2 Kf8 19. Ba5 b6 20. Bd2 Qd7 21. Rfd1 Qe8 22. Qf3 Rc8 23. Ne3 Nf4 24. a3 Qd7 25. Bb4 Bxb4 26. axb4 Rh8 27. g3 Ng6 28. b5 cxb5 29. Rxc8+ Qxc8 30. d5 1-0